| 000 | 00866nam0a22002411 4500 | ||
|---|---|---|---|
| 001 | rc\2341872 | ||
| 005 | 20260407042754.0 | ||
| 035 | _a(NLR Aleph) 006475185 | ||
| 090 |
_a5976266 _c5976266 |
||
| 100 | _a20110829g19771978|||y0rusy50 ca | ||
| 101 | 0 | _arus | |
| 102 | _aRU | ||
| 105 | _ay c ||||| | ||
| 200 | 1 | _aМетодические указания по оценке уровня качества аттестуемой продукции предприятий Укрмежколхозстроя | |
| 210 |
_aКиев _cБ. и. _d1977, вып. дан. 1978 |
||
| 215 |
_a19 с. _d20 |
||
| 320 | _aБиблиогр.: с. 19 | ||
| 710 | 0 | 2 |
_a"Укрмежколхозстрой", объединение _cКиев _3RU\NLR\AUTH\8810015082 _9528032 |
| 801 | 0 |
_aRU _bNLR _gpsbo |
|
| 801 | 1 |
_aRU _bELAR _2rusmarc |
|
| 852 |
_aNLR _j78-4/14109 |
||
| 942 | _cBOOK | ||
| 980 | _aNB | ||